000 00582nam a2200205 a 4500
005 20140310183308.0
008 050906s19uu xx 00 eng d
020 _a185503381x
050 _aLC 1200
_b.Ad227 2003
100 _aAddy, Lois M.
245 _aHow to understand and support children with dyspraxia /
_cAddy, Lois M.
260 _aU.K :
_bLDA,
_c2003.
300 _a60 p. :
_bill. ;
_c31 cm.
521 _aEDU
650 _aAprraxia.
650 _aMotor ability for children.
650 _aMovement disorders in children.
942 _cBK
_2lcc
_kFOR
999 _c21105
_d21105